00996nam a2200241Ia 450000500170000000800410001702000180005804000180007604100080009408200210010210000250012324500490014825000120019726000310020930000280024065000390026865000350030765000340034294200310037699900190040795201640042695201640059020240816132512.0210716s2019 xx 000 0 und d a9789353282905 cAIMIT LIBRARY aeng a374.22 21bVORS aVora, Sejal.9177403 aPower of data storytelling /cBy Sejal Vora. a1st ed. aNew Delhi :bSAGE ,c2019. axi,218p. ;bPBc22.6 cm aStories bring data to life9177404 aPlanning is everything9177405 aWhiter to storyteller9177406 2ddccBKe1st k374.22 VORS c211274d211274 00102ddc40708MBAaAIMITbAIMITd2019-10-09g495.00iBill no:RTPL/AIMIT/225; Bill dt:l0o374.22 VORSpMBA13842r2026-05-23 00:00:00v396.00w2021-07-16yBK 00102ddc40708MBAaAIMITbAIMITd2019-11-09g495.00iBill no:RTPL/AIMIT/236; Bill dt:l0o374.22 VORSpMBA14011r2026-05-23 00:00:00v396.00w2021-07-16yBK